000
00340nam a2200133Ia 4500
008
240624s9999 xx 000 0 und d
041
_a
eng
082
_a
828 SHA
100
_a
SHASTRI RAVI
245
_a
STARGAZING THE PLAYERS IN MY LIFE
260
_c
2021
_a
Noida
_b
HARPERCOLLINS PUBLISHER
300
_a
Exch.299 p.; 28 cm.
365
_c
RS
999
_c
32522
_d
32522